Dawne flagi państw Europy { dla Geo Maxsa} - Statystyki

Ogólne statystyki
  • Ten quiz został rozwiązany 303 razy
  • Średni wynik to 36 z 54
Statystyki odpowiedzi
Obrazkowy Odpowiedź % Poprawnych
Finlandia
95%
Polska
94%
Rosja
94%
Szwecja
93%
Ukraina
93%
Estonia
91%
Litwa
87%
Austria
86%
Grecja
86%
Białoruś
85%
Bułgaria
84%
Rumunia
83%
Chorwacja
82%
Serbia
82%
Niemcy
80%
Turcja
80%
Węgry
80%
Włochy
79%
Albania
78%
Francja
78%
Dania
77%
Hiszpania
77%
Watykan
74%
Norwegia
73%
Słowenia
72%
Azerbejdżan
70%
Gruzja
69%
Macedonia
69%
Holandia
68%
Czarnogóra
67%
Mołdawia
66%
Irlandia
65%
Czechy
64%
Łotwa
64%
Bośnia i Hercegowina
63%
Słowacja
63%
Luksemburg
57%
Wielka Brytania
57%
San marino
56%
Armenia
53%
Belgia
53%
Andora
52%
Islandia
49%
Malta
49%
Szwajcaria
49%
Kosowo
47%
Monako
46%
Wyspa Man
46%
Kazachstan
45%
Portugalia
42%
Cypr
36%
Lichtenstein
31%
Gibraltar
19%
Grenlandia
18%
Nie znaleziono quizów pasujących do podanych kryteriów
Rozkład punktacji
Procent ludzi z każdym wynikiem
Percentyl według liczby udzielonych odpowiedzi
Twoja historia wyników
Nie rozwiązałeś tego quizu